| 000 -ლიდერი |
| ფიქსირებული სიგრძის საკონტროლო ველი |
01476nam a2200241Ia 4500 |
| 001 - საკონტროლო ნომერი |
| საკონტროლო ველი |
23059 |
| 003 - საკონტროლო ნომრის იდენტიფიკატორი |
| საკონტროლო ველი |
GE_BSU |
| 005 - ბოლო ოპერაციის თარიღი და დრო |
| საკონტროლო ველი |
20230615111256.0 |
| 008 - ფიქსირებული სიგრძის მონაცემთა ელემენტები - ზოგადი ინფორმაცია |
| ფიქსირებული სიგრძის საკონტროლო ველი |
181216s1976ge xx |||||||||||||| ||geo|| |
| 040 ## - კატალოგიზაციის წყარო |
| Transcribing agency |
GE_BSU |
| 041 ## - ენის კოდი |
| Language code of text/sound track or separate title |
geo |
| 080 ## - უნივერსალური ათობითი კლასიფიკაციის ინდექსი |
| Universal Decimal Classification number |
821.124-13 ვ-35 |
| 100 ## - მთავარი ჩანაწერი - პიროვნების სახელი |
| Personal name |
ვერგილიუს მარო, პუბლიუს, ძვ. წ. 70-ახ. წ. 19. |
| 9 (RLIN) |
18730 |
| 245 ## - ცნობა სათაურის შესახებ |
| Title |
ენეიდა : |
| Remainder of title |
[საგმირო-პოემა] / |
| Statement of responsibility, etc |
მარო, პუბლიუს ვერგილიუს, ლათინურიდან თარგმნა, წინასიტყვაობა და საძიებელი დაურთო რომან მიმინოშვილმა ; რედაქტორი ა. ურუშაძე. |
| 264 ## - წარმოების, გამოცემის, დისტრიბუციის და სხვა ცნობები |
| გამოცემის, წარმოების, დისტრიბუციის... ადგილი |
თბილისი : |
| გამოცემის, წარმოების, დისტრიბუციის... სახელწოდება |
საბჭ. საქართველო, |
| გამოცემის, წარმოების, დისტრიბუციის... თარიღი |
1976. |
| 300 ## - ფიზიკური აღწერა |
| Extent |
344 გვ.; |
| Other physical details |
11 ფ. ილ. |
| Dimensions |
22 სმ. |
| 501 ## - შენიშვნა თანმხლებ მასალაზე |
| With note |
კომენტარები: გვ. 294-305.ეთნიკურ, საკუთარ და გეოგრაფიულ სახელთა საძიებელი: გვ. 306-342. |
| 653 ## - INDEX TERM--UNCONTROLLED |
| Uncontrolled term |
ენეიდა : [საგმირო-პოემა] |
| 653 ## - INDEX TERM--UNCONTROLLED |
| Uncontrolled term |
პოემა |
| 700 ## - ADDED ENTRY--PERSONAL NAME |
| Personal name |
მიმინოშვილი, რომან |
| Relator term |
მთარგმნელი |
| 9 (RLIN) |
18731 |
| 700 ## - ADDED ENTRY--PERSONAL NAME |
| Personal name |
ურუშაძე, ა |
| Relator term |
რედაქტორი |
| 9 (RLIN) |
3915 |
| 942 ## - ADDED ENTRY ELEMENTS (KOHA) |
| Koha item type |
წიგნი |
| Source of classification or shelving scheme |
|